000 01320nam a22003497a 4500
003 CHAP
005 20220329143436.0
008 090831s2006 mx a r 00010 spa d
010 _a96669
011 _a97641
020 _a9789290437383
035 _a108311
040 _cCHAP
082 0 4 _a581.15
_bSe52
111 2 _aSeminario Fundamentos Genéticos y Socioeconómicos para Analizar la Agrobiodiversidad en la Región de Ucayali
_d(2003 :
_cPucallpa, Perú)
_9104110
245 1 0 _aFundamentos genéticos y socioeconomicos
_c/editado por J.L. Chávez-Servia y R. Sevilla-Panizo
260 _aCali, Col. :
_bBioversity Internacional,
_c2006
300 _a93 p. :
_bilus., cuadros, gráfs.
590 _aBATCH-UPD
_b10
_c20130110
_lUCH01
_h1555
590 _aBATCH-UPD
_b10
_c20130410
_lUCH01
_h0953
590 _aBATCH-UPD
_b10
_c20130914
_lUCH01
_h0630
590 _aCONVERSION
_b10
_c20130109
_lUCH01
_h1353
650 1 4 _aAgricultura
_xPeru.
_91762
650 1 4 _aBiodiversidad
_xAspectos económicos.
_912725
650 1 4 _aBiodiversidad
_xConservación.
_912726
650 1 4 _aRecursos genéticos.
_995078
700 1 _aChávez Servia, J.L.
_e, ed.
_922778
700 1 _aSevilla Panizo, R.
_e, ed.
_9105407
901 _aBK
942 _cLIBRO
949 _a581.15 Se52
_bBC
_cLIBRO
_d33724002116769
_eLIBRO
_h111516
_i108311
_sb
999 _c96669
_d96669